| 000 | 01076nam a2200277Ia 4500 | ||
|---|---|---|---|
| 003 | OSt | ||
| 005 | 20221005105748.0 | ||
| 006 | a|||||r|||| 00| 0 | ||
| 007 | ta | ||
| 008 | 221004b |||||||| |||| 00| 0 hin d | ||
| 020 |
_a9788123025346 (pbk) _cINR 55.00 |
||
| 024 | _a36524 | ||
| 037 |
_bBW/1646, 10/03/2018, Bookwell _cTextual |
||
| 040 |
_aCRL _cCRL _bhin |
||
| 041 |
_2hin _ahin |
||
| 082 | _aO15,2D40x, 152Q7 | ||
| 100 | _aप्रभाकर, विष्णु, संपा. | ||
| 245 | 0 | _aकालिदास के नाटक | |
| 246 | _aKālidās ke nāṭaka | ||
| 260 |
_aनई दिल्ली _bसस्ता साहित्य मण्डल प्रकाशन भारत _c2017 |
||
| 300 |
_a57पृ0 _ccm. |
||
| 490 | _aसंस्कृत साहित्य रत्नावली | ||
| 650 | _aसंस्कृत नाटक | ||
| 942 |
_hO15,2D40x, 152Q7 _cTEXL _2cc |
||
| 999 |
_c1016829 _d1016829 |
||